000 01164nam a22002537a 4500
005 20240305165515.0
007 cr|||| ||||
008 181222s2017 co |||||s|||| 00||0 spa d
020 _a978-958-762-700-8
035 _a22595
040 _avLex
090 _c8373
_d8373
100 1 _aCano Morales, Abel María
245 1 0 _aMatemáticas financieras, aplicada a ciencias económicas, administrativas y contables
_h[Recurso electrónico] /
_cAbel María Cano Morales
250 _a2da. edición
256 _aServicio en línea
260 _aBogotá:
_bEdiciones de la U,
_c2017
300 _a1 recurso electrónico
506 1 _aDisponible solo en los productos indicados
_dvLex Global
_dvLex Global (Academic Edition, excluding Law Schools)
_dvLex Global (U.S. Academic Edition, Law Schools)
_dvLex Global (U.S. Academic Edition, excluding Law Schools)
_dvLex Global (Academic Edition, Law Schools)
650 0 4 _aEconomía y negocios
_zColombia
740 0 _avLex Libros (Servicio en línea)
856 4 0 _uhttps://app.vlex.com/#/sources/matematicas-financieras-aplicada-ciencias-economicas-administrativas-contables-2da-edicion-22595
942 _cRAA
999 _c166610
_d166610